000 00722nam a2200229 a 4500
001 000026406
005 20200930030215.0
008 110316s1973 sp r 000 0 spa d
020 _a8425302706
040 _aDO-SdBNP
_bspa
_cBNPHU
041 1 7 _aspa
_halm
_2Código de idioma MARC
082 _axxx
_bV697v, 1973
100 1 _aVilar, Esther,
_d1935-1971.
_953451
240 1 0 _aDer dressierte mann.
_lEspañol.
245 1 0 _aEl varón domado /
_cEsther Vilar ; traducido por Máximo Estrella.
250 _a2a ed.
260 _aBarcelona, (España) :
_bGrijalbo,
_c1973.
300 _a168 p. ;
_c19 cm.
534 _aTítulo original:
_tDer dressierte mann.
700 1 _aEstrella, Máximo
_etr.
_953452
049 _aBNGR
999 _c25898
_d25898